| 000 | 00695cam a2200265 i 4500 | ||
|---|---|---|---|
| 999 |
_c83166 _d83166 |
||
| 003 | BJBSDDR | ||
| 005 | 20230410130935.0 | ||
| 007 | ta | ||
| 008 | 130401s2010 pe a 000 0 spa | ||
| 020 | _a9786124039621 | ||
| 020 | _a6124039621 | ||
| 040 |
_bspa _cBJBSDDR |
||
| 041 | 0 | _aspa | |
| 050 | 1 | 4 |
_aPQ 8498.32 _bV297s 2010 |
| 100 | 1 |
_aVargas Llosa, Mario, _d1936- |
|
| 245 | 1 | 3 |
_aEl sueƱo del celta / _bMario Vargas Llosa. |
| 260 |
_aLima : _bAlfaguara, _c2010 |
||
| 300 |
_a454 p. ; _b24 cm |
||
| 586 | _aPremio Nobel de Literatura 2010 | ||
| 650 | 0 | _aLiterature. | |
| 650 | 4 |
_aLiteratura peruana _94625 |
|
| 650 | 4 |
_aNovela peruana _92356 |
|
| 942 |
_2lcc _cBK |
||
| 946 | _adpf | ||